000 01137nam a22001697a 4500
008 230823b |||||||| |||| 00| 0 eng d
020 _a978-1439078389
050 _aQA76.76
_b.S54 2011
100 _aShelly, Gary B.
245 _aMicrosoft office 2010 :
_bIntroductory
_cGary B. Shelly and Misty E. Vermaat
260 _aAustralia
_bCengage learning
_c2011
300 _axvii, 223p.
_bincludes reference, index
440 _aShelly Cashman Series
700 _aVermaat, Misty
760 _bVermaat, Misty
942 _2lcc
_cBK
999 _c20266
_d20265